00271nam a2200085Ia 4500008004100000245007600041260002300117300001400140650003100154151021s9999 xx 000 0 und d a_Community guide to environmental issues arid and semi arid lands ELCI  aNairobi ELCI 2003  a46p.;ill  a_Arid and semi arid lands